Gňero y Poder La igualdad polt̕ica de las mujeres /

Bibliographic Details
Main Author: Bermd︢ez Valdivia, Violeta
Format: eBook
Language:Spanish
Published: Lima: Palestra Editores, 2021
Subjects:
Online Access:Acceso restringido

MARC

LEADER 00000nam a22000007a 4500
005 20220822221244.0
007 cr|||| |||
008 220822s2021 pe |||||s|||| 00||0 spa d
020 |a 9786123251871 
035 |a 36917 
040 |a vLex 
090 |c 13773  |d 13773 
100 1 |a Bermd︢ez Valdivia, Violeta 
245 1 0 |a Gňero y Poder  |h [Recurso electrn̤ico] :  |b La igualdad polt̕ica de las mujeres /  |c Violeta Bermd︢ez Valdivia 
256 |a Servicio en ln̕ea 
260 |a Lima:  |b Palestra Editores,  |c 2021 
300 |a 1 recurso electrn̤ico 
500 |a La igualdad como derecho y principio fundamental de los Estados democrt̀icos trasciende el concepto de igualdad ante la ley y exige a la sociedad y a los poderes pb︢licos hacer que esa igualdad formal tenga concrecin̤ en la vida de las personas. Este derecho-principio fue reconocido tarda̕mente a las mujeres, quienes an︢ no ejercen, plenamente, su derecho a la participacin̤ polt̕ica en condiciones de igualdad. Este es el marco en el que se inscribe la presente publicacin̤, que explora la teora̕ de la igualdad introduciendo el aporte de las mujeres y examina la evolucin̤ de este derecho en el campo de la participacin̤ polt̕ica. La autora afirma que con la consagracin̤ de la paridad se podr ̀garantizar la presencia efectiva de las mujeres en los espacios de decisin̤ y de gobierno, promoviendo un valor esencial en todo estado democrt̀ico de derecho: la participacin̤ polt̕ica en condiciones de igualdad. A travš de un estudio histr̤ico, crt̕ico, analt̕ico y actual del ordenamiento jurd̕ico peruano, como del derecho constitucional comparado sobre la materia, desarrolla los argumentos que validan a la paridad como una propuesta compatible con el marco constitucional peruano, que contribuir ̀a la consolidacin̤ del Estado Democrt̀ico de Derecho. 
506 1 |a Disponible solo en los productos indicados  |d vLex Global  |d vLex Global (Academic Edition, excluding Law Schools)  |d vLex Global (U.S. Academic Edition, Law Schools)  |d vLex Global (U.S. Academic Edition, excluding Law Schools)  |d vLex Global (Academic Edition, Law Schools) 
650 0 4 |a Derecho Constitucional  |z Per︢ 
740 0 |a vLex Libros (Servicio en ln̕ea) 
856 4 0 |u https://app.vlex.com/#/sources/36917  |z Acceso restringido 
942 |c BOOK 
999 0 |a Constitutional right